| 000 | 01068nam a22002657a 4500 | ||
|---|---|---|---|
| 005 | 20170124102929.0 | ||
| 010 | _aB-032744 | ||
| 020 |
_c175.00 _a8170557380 |
||
| 035 | _aB-032744 | ||
| 037 | _bCen Lib/Ret | ||
| 040 |
_aDPL _bHN |
||
| 082 |
_a820.8 _bसुरेश |
||
| 100 |
_aसुरेश कुमार _944495 |
||
| 245 |
_aशैलिविज्ञान / _cसुरेश कुमार |
||
| 246 |
_aShailivigyan / _bby Suresh Kumar |
||
| 260 |
_aनयी दिल्ली _bवाणी प्रकाशन _c1977 |
||
| 270 |
_a२१-ए, दरिया गंज _bनयी दिल्ली _e110002 |
||
| 300 |
_a207पृ. _c20सेमी (सजिल्द) |
||
| 500 | _aपरिशिष्ट शामिल | ||
| 650 |
_aहिंदी साहित्य _944496 |
||
| 650 |
_aभारतीय संस्कृति _xभाषामूलकता _944497 |
||
| 650 |
_aHindi Literature _944498 |
||
| 650 |
_aIndian Culture _93853 |
||
| 942 |
_2ddc _cHN _h820.8 _mसुरेश |
||
| 999 |
_c111772 _d111772 |
||